01579 a2200265 4500003000500000005001700005010001700022020002000039040000900059082001500068100003000083245009800113250001200211260003900223300003400262505050600296650003400802700003100836856010600867856009100973856009201064942001301156999001901169952012501188Nust20230907125820.0 a 2005043674 c047001167X (HB) cNust00a629.83,SKO1 aSkogestad, Sigurd.99944110aMultivariable feedback control :banalysis and design /cSigurd Skogestad, Ian Postlethwaite. a2nd ed. aHoboken, NJ :bJohn Wiley,cc2005. axiv, 574 p. :bill. ;c25 cm. aClassical Feedback Control (Page-15), Introduction to Multivariable Control (Page-67), Elements of Linear System Theory (Page-119), Limitations on Performance in SISO Systems (Page-), Limitations on Performance in MIMO Systems (Page-221), Uncertainty and Robustness for SISO Systems (Page-259), Robust Stability and Performance Analysis for MIMO Systems (Page-289), Controller Design (Page-341), Control Structure Design Model Reduction (Page-383), Linear Matrix Inequalities Case Studies (Page-455), 0aTelecommunication engineering1 aPostlethwaite, Ian.999442423Contributor biographical informationuhttp://www.loc.gov/catdir/enhancements/fy0650/2005043674-b.html423Publisher descriptionuhttp://www.loc.gov/catdir/enhancements/fy0624/2005043674-d.html423Table of contents onlyuhttp://www.loc.gov/catdir/enhancements/fy0624/2005043674-t.html cREF2ddc c188426d188426 00102ddc4070aMCSbMCScREFd2016-12-12o629.83,SKOpMCS34634r2016-12-08w2016-12-12yREFzAlmirah No.24, Shelf No.3